[Event "TUR Cup"]
[Site "Denizli"]
[Date "2024.07.30"]
[Round "1"]
[White "Yondem, Suleyman Burak"]
[Black "Demirag, Batuhan"]
[Result "1/2-1/2"]
[WhiteElo "1555"]
[BlackElo "1912"]
[PlyCount "68"]
[EventDate "2024.07.30"]
[EventType "swiss"]
[EventRounds "11"]
[EventCountry "TUR"]
[SourceTitle "EXT 2025"]
[Source "ChessBase"]
[SourceDate "2024.10.14"]
[SourceVersion "1"]
[SourceVersionDate "2024.10.14"]
[SourceQuality "1"]

1. e4 c5 2. Nf3 e6 3. b3 b6 4. Bb2 Bb7 5. Nc3 d6 6. Bb5+ Nd7 7. 0-0 a6 8. Bxd7+ Qxd7 9. d4 Nf6 10. dxc5 bxc5 11. Re1 Be7 12. e5 dxe5 13. Qxd7+ Nxd7 14. Nxe5 Nxe5 15. Rxe5 0-0 16. Rd1 Rfd8 17. Ree1 h5 18. Ba3 Bc6 19. Rxd8+ Rxd8 20. Rd1 Rb8 21. Ne2 Kf8 22. Nf4 g6 23. Nd3 Rd8 24. Re1 Rd5 25. Re5 Rxe5 26. Nxe5 Be4 27. Nd3 Bxd3 28. cxd3 Ke8 29. Kf1 Kd7 30. Ke2 Bd6 31. h3 Kc6 32. Bb2 Kd5 33. Ke3 f5 34. g4 fxg4 1/2-1/2